Statistics for Detroit Lions: Top 10 All-Time Leaders

Click here to take the quiz!

General Stats

  • This quiz has been taken 176 times
    (83 since last reset)
  • The average score is 16 of 60

Answer Stats

Category#PlayerAmount% Correct
Passing Yards1Matthew Stafford45,109
100%
Rushing Yards1Barry Sanders15,269
99%
Receiving Yards1Calvin Johnson11,619
93%
Receiving Yards6Charlie Sanders4,741
93%
Passing Yards2Bobby Layne15,710
59%
Receiving Yards10Roy Williams3,884
59%
Receiving Yards2Herman Moore9,174
58%
Rushing Yards6James Jones3,452
57%
Rushing Yards9Kevin Jones3,067
55%
Receiving Yards9Marvin Jones4,296
55%
Passing Yards7Joey Harrington10,242
51%
Receiving Yards7Golden Tate4,761
50%
Interceptions6Bob Smith29
46%
Rushing Yards2Billy Sims5,106
45%
Passing Yards8Jon Kitna9,034
36%
Passing Yards3Scott Mitchell12,647
36%
Tackles1Chris Spielman1,020
34%
Sacks4Roger Brown63.5
33%
Tackles7Robert Porcher429
30%
Sacks2Robert Porcher95.5
30%
Passing Yards9Charlie Batch9,016
29%
Receiving Yards3Johnnie Morton6,499
29%
Interceptions2Lem Barney56
29%
Passing Yards6Eric Hipple10,711
26%
Passing Yards4Greg Landry12,451
25%
Sacks10Ezekiel Ansah48.0
24%
Receiving Yards4Brett Perriman5,244
22%
Passing Yards5Gary Danielson11,885
21%
Rushing Yards10James Stewart2,890
21%
Tackles5DeAndre Levy459
18%
Tackles6William White450
18%
Tackles2Bennie Blades714
17%
Interceptions1Dick LeBeau62
16%
InterceptionsT9Joe Schmidt24
16%
Sacks1Alex Karras100.0
13%
Rushing Yards8Mel Farr3,072
13%
Sacks3Al Baker74.0
12%
Rushing Yards4Altie Taylor4,297
12%
Rushing Yards3Dexter Bussey5,105
12%
Sacks9Doug English55.5
12%
Tackles10Stephen Tulloch340
12%
Interceptions3Yale Lary50
12%
InterceptionsT9Jimmy Allen24
11%
Receiving Yards8Leonard Thompson4,682
11%
Interceptions4Jack Christiansen46
9%
Passing Yards10Milt Plum8,536
9%
Tackles9Ray Crockett343
8%
Tackles8Stephen Boyd361
8%
Rushing Yards7Ace Gutowsky3,077
5%
Receiving Yards5Gail Cogdill5,221
5%
Interceptions5Jim David36
5%
Sacks7Tracy Scroggins60.5
5%
Sacks8William Gay60.0
5%
Interceptions8Don Doll26
4%
Interceptions7James Hunter27
4%
SacksT5Mike Cofer62.5
4%
Rushing Yards5Nick Pietrosante3,933
4%
Tackles3Dennis Gibson476
3%
SacksT5Larry Hand62.5
3%
Tackles4George Jamison470
1%

Score Distribution

Percentile by Number Answered

Percent of People with Each Score

Your Score History

You have not taken this quiz since the last reset